01021nas a2200289Ia 4500001001300000003001000013008004100023040002500064041001300089100002000102210001100122222001100133240006100144245006100205250001100266260000900277501012300286300001400409362002300423500005100446650002100497700001100518942000700529957000600536999003300542952015600575dg116-52542 IT-MiCISF161014c99999999xx |||||||||||| ||und|| aIT-MiCISFcIT-MiCISF aFRANCESE aCombe Stephanie aLa vie aLa vie aA l'école faut-il séparer les filles et les garcons? 2aA l'école faut-il séparer les filles et les garcons? a1a ed. c2012 bCISF - Centro Internazionale Studi Famiglia - Via Giotto, 36 20145 MILANO (non commercial uses only)cCopyright 2016 app. 60-63 a 1 novembre [2012] a Tema: scuola, educazione, differenza-sessuale aSCUOLAvarticolo aAA.VV. cCR 71 a52542bSig1c218362d218362 0010406DG_1165254271aCISFbCISFd2016-10-14l0odg116-52542 r2016-10-14 00:00:00w2016-10-14yCRzData import 15.10.2016 / by Epidotti, Vaglietti